| 000 | 00500nam a2200181Ia 4500 | ||
|---|---|---|---|
| 008 | 090630s9999 xx 000 0 und d | ||
| 082 | _b15767 | ||
| 100 | _aन-हे शंकर. | ||
| 245 |
_aभास. _cन-हे शंकर. |
||
| 260 | _bचंद्रमौळी - पुणे. | ||
| 300 | _a0 | ||
| 600 | _aन-हे शंकर. | ||
| 630 | _aभास. | ||
| 655 | _aकादंबरी. | ||
| 700 | _aन-हे शंकर. | ||
| 730 | _aभास. | ||
| 942 | _cBOOK | ||
| 999 |
_c267623 _d267623 |
||